000 00416nam a2200169Ia 4500
008 230711s9999||||xx |||||||||||||| ||und||
020 _a978-81-203-3897-1
041 _aENG
082 _a543
_bME-V
100 _aMendham,J Etal
245 0 _aVogel's textbook of quantitative chemical analysis
250 _a6th . Ed.
260 _c2009
_aNew Delhi
_bPearson
300 _a790
650 _aChemistry
942 _cBK
999 _c5456
_d5456